000 00276nam a2200133Ia 4500
008 260604s9999 xx 000 0 und d
020 _a9781529794328
082 _a658.4 CLE
100 _aCLEGG
_934032
245 0 _aSTRATEGY
260 _bSAGE
500 _aSTR
942 _cBK
999 _c7940
_d7940